000
00314nam a2200145Ia 4500
100
_a
Solecki/Roman
942
_c
BK
366
_f
20
245
_a
Advanced mechanics of materials
260
_b
Oxford university press
_c
2003
082
_a
620.1123/SOL
_b
SOL
300
_a
763
546
_a
ENGLISH
999
_c
26752
_d
26752